02848njm a2200433Ia 450000100060000000300090000600500170001500800410003204000130007304000130008604100130009910000110011210000180012310000380014124500310017925000110021026000110022126000790023230000170031130000300032850001480035850503500050665000530085670001070090970001220101670001020113870000990124070001010133970000990144070000790153970000880161870001060170670001090181270000880192170001020200970001090211170000950222070000990231569411IT-RoPAU20220918181117.0131025s9999 xx 000 0 und d aIT-RoPAU cIT-RoPAU aITALIANO aAA.VV. eAutore musica gCodice autore musica SPICS: 12000 aMio Dio canta giovane (Il) a1a ed. aALBANO bEP - MUSICALI E DISCOGRAFICHEc1988 [1a Ed.:1988 - Ed. Lingua Orig.: 1988] aMUSICASSETTA c55 minuti (Testo: 0 pag.) aMusica religiosa. Canzone d'autore. Secondo convegno nazionale dei Cantautori di Dio, Assisi 1987-1988. Francescanesimo, vocazione, amore, vita aIl mio Dio canta giovane (5:00) - Và per tutto il mondo, Francesco (6:00) - Francesco, vai (5:00) - Come gocce d'amore (5:00) - Pescatori del 2000 (4:00) - Canta perché (6:00) - La strada (5:00) - Da stasera ci sono anch'io (4:00) - Non potevo credere (5:00) - Cristo vuole tutto di te (5:00) - Vai con gioia (4:00) - Se hai scelto me (5:00) aRELIGIOSO [CASSETTE]eCodice MATERIA SPICS: 9951 aTommasi SergiodCodice autore testo/musica SPICS: 23922eAutore testo/musicapIl mio Dio canta giovane aPuzone MassimilianodCodice autore testo/musica SPICS: 23923eAutore testo/musicapVà per tutto il mondo, Francesco aBizeti Maria ChiaradCodice autore testo/musica SPICS: 23924eAutore testo/musicapFrancesco, vai aMigani PaolodCodice autore testo/musica SPICS: 23925eAutore testo/musicapCome gocce d'amore aPaci GabrielladCodice autore testo/musica SPICS: 23926eAutore testo/musicapPescatori del 2000 aMigliarese MariodCodice autore testo/musica SPICS: 23927eAutore testo/musicapCanta perché aPuccio ToninodCodice autore musica SPICS: 23928eAutore musicapLa strada aPrato EnzodCodice autore testo/musica SPICS: 23948eAutore testo/musicapLa strada aMontaldo EmanueledCodice autore musica SPICS: 23929eAutore testo/musicapDa stasera ci sono anch'io aTarzia OlimpiadCodice autore testo/musica SPICS: 23949eAutore testo/musicapDa stasera ci sono anch'io aBorgo GaetanodCodice autore musica SPICS: 23930eAutore musicapNon potevo credere aZanarella PaolodCodice autore testo/musica SPICS: 23950eAutore testo/musicapNon potevo credere aCoccoluto ErasmodCodice autore testo/musica SPICS: 23931eAutore testo/musicapCristo vuole tutto di te aMariano LuigidCodice autore testo/musica SPICS: 23932eAutore testo/musicapVai con gioia aCricchi EmiliodCodice autore testo/musica SPICS: 23933eAutore testo/musicapSe hai scelto me